| 000 | 00607nam a2200193Ia 4500 | ||
|---|---|---|---|
| 003 | GCL | ||
| 008 | 140319s9999 xx 000 0 ara d | ||
| 040 |
_aGCL / _cGCL |
||
| 082 | 0 | 4 |
_aق 181.2 _bم ت |
| 100 | 1 | _aمحمد كريم | |
| 245 | 1 | 0 |
_aتطور الفكر الفلسفى والسياسى من مصر القديمة حتى الاسلام / _cمحمد كريم |
| 300 | _a223 ص | ||
| 490 | _a | ||
| 650 | 0 | 4 | _aالفلسفة الاسلامية |
| 650 | 0 | 4 | _aالسياسة |
| 650 | 0 | 4 | _aالفلسفة - تاريخ |
| 650 | 0 | 4 | _aالفلسفة المصرية القديمة |
| 942 |
_2ddc _cBK |
||
| 999 |
_c44424 _d44424 |
||